00397pab a2200133 454500008004000000100001900040245009800059260000900157300001500166362000800181650002400189700001900213773003100232180718b2010 xxu||||| |||| 00| 0 eng d aWilliams, Jane aEarly experiences of the enforcement of the unfair commercial practices directive in Scotland c2010 ap.377-401. aDec aConsumer protection aHare, Caroline aJournal of Consumer Policy